Регионална библиотека "Любен Каравелов" - Русе

Празник на цветята (Запис номер 106724)

MARC детайли
000 -Лидер
Контролно поле с фиксирана дължина 00989nam a2200289 c 4500
003 - Код на организацията, давaща контролен номер
Контролно поле BLK
005 - Дата и час на последна редакция
Контролно поле 20240618114324.0
008 - Елементи от данни с фиксирана дължина
fixed length control field 180409b bul|||||r ||||||| ||bul||
010 ## - Наследен системен номер
LC control number KNG00111987000
020 ## - Международен стандартен номер на книга ISBN
Международен стандартен номер на книга ISBN 954-657-366-3
-- издат.: ПАН
040 ## - Източник на каталожния запис
Идентификатор на билиотеката - собственик на записа BLK
041 ## - Код за език
Код за езика на текст/звукозапис или на отделно заглавие Български
Код за езика КДБФ Български
080 ## - УДК
Текстов определител УДК Българска литература
УДК код - определител по УДК 821.163.2
УДК определител -93-1
УДК - код + определител 821.163.2-93-1
139 ## - Редно поле
Редна дума Празник на цветята
Авторски знак Правилн - П 84
245 10 - Сведения за заглавието
Заглавие Празник на цветята
Подзаглавни данни Стихове за деца
Редно поле (дума) ил. Мария Илиева-Ботева.
257 ## - Страна на издаване
Страна на създаване/издаване България
260 ## - Област на издателските данни
-- София
Име на издателя, разпространителя и проч. ПАН
Година на издаване 2001
Печатница София : Балкан прес
300 ## - Физическа характеристика
Страници 8 с.
Илюстрации и др. с цв. ил.
Размери/Мащаб 24 см
380 ## - Жанр
Жанр Детска худож. лит.
700 1# - Други автори (авторска отговорност)
Лично име Илиева-Ботева, Мария
Автороска отговорност (Описва отношението между автора и произведението) ил.
9 (RLIN) 309631
852 ## - Местоположение
Форматна сигнатура Цб 218755
856 4# - Електронен адрес и достъп
Електронен формат pdf - файл
Път до файла /url/
856 4# - Електронен адрес и достъп
Електронен формат pdf - файл
Път до файла /url/
942 ## - АРТИКУЛИ
Вид на библиотечния материал Книги
Скрит в OPAC Не
Koha issues (borrowed), all copies 6
944 ## - СЪЗДАВАНЕ И РЕДАКЦИЯ на ЗАПИСА
Създаване/Редакция Създаване
Дата на регистрацията/редакция 29.03.2004
Служител, извършил регистрацията/редакцията 30543
Статус, дата на статуса Ива Цветкова
944 ## - СЪЗДАВАНЕ И РЕДАКЦИЯ на ЗАПИСА
Създаване/Редакция Редакция
Дата на регистрацията/редакция 30.03.2004
Служител, извършил регистрацията/редакцията
999 ## - СИСТЕМНИ КОНТРОЛНИ НОМЕРА
Koha biblionumber 106724
Koha biblioitemnumber 106724
Наличности
Код за отписване Код за изгубен артикул Код за повреда Коз за рестрикции Код за отдаване Артикулен № Име на библиотеката - собственик Име на библиотеката, в която се намира в момента Статус (Текущо местоположение) Дата на вписване в системата Местоположение - отдел Цена в лева Инвентарен номер Систематично азбучна сигнатура Баркод Номер на екземпляра Цена в евро Служебна бележка Служебен тип на артикула
Изтеглен Не е изгубен Не е повреден без рестрикции заемане за дома 172091 Регионална библиотека "Любен Каравелов" Русе Регионална библиотека "Любен Каравелов" Русе Детски отдел 2004-03-29 Детски отдел 1.26 120000684016 ДХ 886.7/П 84 120000684016 1 0.64 Дост: Pk Вид: Ф N: 11250 Дата: 18.03.2004 Дата инв: 05.08.2015 Бележки инв: Д2015 Книги
  Не е изгубен Не е повреден без рестрикции заемане за дома 172092 Регионална библиотека "Любен Каравелов" Русе Регионална библиотека "Любен Каравелов" Русе Детски отдел 2004-03-29 Детски отдел 1.26 120000684017 ДХ 886.7/П 84 120000684017 2 0.64 Дост: Pk Вид: Ф N: 11250 Дата: 18.03.2004 Дата инв: 05.08.2015 Бележки инв: Д2015 Книги
Изтеглен Не е изгубен Не е повреден без рестрикции заемане за дома 172093 Регионална библиотека "Любен Каравелов" Русе Регионална библиотека "Любен Каравелов" Русе Детски отдел 2004-03-29 Детски отдел 1.26 120000684018 ДХ 886.7/П 84 120000684018 3 0.64 Дост: Pk Вид: Ф N: 11250 Дата: 18.03.2004 Дата инв: 05.08.2015 Бележки инв: Д2015 Книги
Vip Innovations Ltd, Rousse, Bulgaria 2025